Théorie de la commande /

Guardado en:
Autor Principal: Zoubov, V.
Formato: Libro
Idioma:French
Russian
Publicado: Moscou : Mir, c1978.
Etiquetas: Agregar Etiqueta
Sin Etiquetas, Sea el primero en etiquetar este registro!
LEADER 00572nam a22001695a 4500
001 MAT.inmabb006961
008 170711s1978####ru#######b####001#0#fre#d
005 20170711165336.0
245 1 0 |a Théorie de la commande /  |c V. Zoubov ; traduit du russe par Irina Pétrova. 
260 |a Moscou :  |b Mir,  |c c1978. 
300 |a 468 p. ;  |c 23 cm. 
504 |a Incluye referencias bibliográficas (p. [462]-463) e índice. 
510 4 |a MR,  |c 80a:93005 
100 1 |a Zoubov, V.  |q (Vladimir Ivanovich) 
084 |a 93-02 (49-02)  |2 msc2000 
041 1 |a fre  |h rus 
859 |h 93  |i Z91  |p A-9107  |b BIB. MATEMATICA